Имитационное моделирование

Bibliografiske detaljer
Hovedforfatter: Лоу А. М. Аверилл М.
Andre forfattere: Кельтон В. Д. В. Дэвид
Summary:Всесторонне рассмотрены все важные аспекты, связанные с имитационным моделированием — моделирование, программное обеспечение моделирования, проверка достоверности и проверка правильности моделей, моделирование входных данных, генераторы случайных чисел, генерация случайных переменных и процессов, статистическое планирование и анализ экспериментов моделирования. Книга содержит множество примеров. Она может использоваться в качестве учебного пособия для студентов старших курсов университетов, обучающихся по специальности «Вычислительные комплексы, системы и сети», «Прикладная математика», «Компьютерные науки и компьютерная инженерия» и ряду других. Будет чрезвычайно полезна специалистам по моделированию систем и системному анализу.
Sprog:russisk
Udgivet: Санкт-Петербург, Питер, 2004
Udgivelse:3-е изд.
Serier:Классика Computer Science
Fag:
Format: MixedMaterials Bog
KOHA link:https://koha.lib.tpu.ru/cgi-bin/koha/opac-detail.pl?biblionumber=96529

MARC

LEADER 00000nam0a2200000 4500
001 96529
005 20231101214056.0
010 |a 5947239187 
035 |a (RuTPU)RU\TPU\book\103349 
090 |a 96529 
100 |a 20060516d2004 km y0rusy50 ca 
101 1 |a rus 
102 |a RU 
105 |a a z 001zy 
200 1 |a Имитационное моделирование  |f А. М. Лоу, В. Д. Кельтон 
205 |a 3-е изд. 
210 |a Санкт-Петербург  |c Питер  |d 2004 
215 |a 847 с.  |c ил. 
225 1 |a Классика Computer Science 
320 |a Библиогр.: с. 801-834. 
320 |a Алфавитный указатель: с. 835-846. 
330 |a Всесторонне рассмотрены все важные аспекты, связанные с имитационным моделированием — моделирование, программное обеспечение моделирования, проверка достоверности и проверка правильности моделей, моделирование входных данных, генераторы случайных чисел, генерация случайных переменных и процессов, статистическое планирование и анализ экспериментов моделирования. Книга содержит множество примеров. Она может использоваться в качестве учебного пособия для студентов старших курсов университетов, обучающихся по специальности «Вычислительные комплексы, системы и сети», «Прикладная математика», «Компьютерные науки и компьютерная инженерия» и ряду других. Будет чрезвычайно полезна специалистам по моделированию систем и системному анализу. 
606 |a Имитационное моделирование  |2 stltpush  |3 (RuTPU)RU\TPU\subj\12401  |9 39188 
610 1 |a сложные системы 
610 1 |a программное обеспечение 
610 1 |a теория вероятностей 
610 1 |a математическая статистика 
610 1 |a генераторы случайных чисел 
610 1 |a случайные величины 
610 1 |a генерирование 
610 1 |a дисперсия 
610 1 |a оптимизация 
610 1 |a планирование эксперимента 
610 1 |a производственные системы 
675 |a 519.876  |v 3 
700 1 |a Лоу  |b А. М.  |g Аверилл М. 
701 1 |a Кельтон  |b В. Д.  |g В. Дэвид 
801 1 |a RU  |b 63413507  |c 20060516  |g PSBO 
801 2 |a RU  |b 63413507  |c 20180712  |g PSBO 
900 |a Планирование экспериментов и обработка их результатов 
900 |a Автоматизация физических исследований 
900 |a Компьютерный практикум 
900 |a Имитационное моделирование экономических процессов 
942 |c BK 
959 |a 28/20060512  |d 5  |e 462,77  |f ЧЗТЛ:1  |f АНЛ:1  |f УФ:3